000 00408nam a2200169Ia 4500
008 230524s9999 xx 000 0 und d
020 _a0070495432
082 _a5.13
_bSCH
100 _aHerbert Schildt
245 4 _aThe Complete Refference JAVA (J2SE 1000p)
250 _a5TH
260 _aNEW DELHI
_bTMH
_c2005
300 _a1000
500 _aQuantity Number: 2
650 _aComp-Sc
942 _cBK
999 _c25253
_d25253